| 000 | 00605nam a2200193Ia 4500 | ||
|---|---|---|---|
| 003 | OSt | ||
| 005 | 20260106152545.0 | ||
| 008 | 210210b1946 xxu||||| |||| 00| 0 eng d | ||
| 040 | _cAL | ||
| 041 | _aKannada | ||
| 082 | _a859/1460 | ||
| 100 |
_aRAVINDRANATHA THAKURA _9150020 _d ರವೀಂದ್ರನಾಥ ಠಾಕೂರ |
||
| 245 |
_aRavindra kathegalu-4 _bರವೀಂದ್ರ ಕಥೆಗಳು -೪ |
||
| 260 |
_aBengaluru _bSatyashodhana Prakatana Mandira _c1946 |
||
| 690 |
_aKannada Fiction _9150021 |
||
| 700 |
_aayyar _dಅಯ್ಯರ್ _9250372 |
||
| 906 | _a022193 | ||
| 942 |
_2ddc _cBK |
||
| 999 |
_c146297 _d146297 |
||